[Event "Aragon-chT Preferente A"]
[Site "Aragon"]
[Date "2015.02.14"]
[Round "4.48"]
[White "Ballarin Corvinos, Jorge"]
[Black "Ereza Vizcarra, Fernando"]
[Result "0-1"]
[WhiteElo "1582"]
[BlackElo "1572"]
[PlyCount "96"]
[EventDate "2015.01.24"]
[EventType "team-tourn"]
[EventRounds "11"]
[EventCountry "ESP"]
[SourceTitle "EXT 2017"]
[Source "ChessBase"]
[SourceDate "2016.10.25"]
[SourceVersion "1"]
[SourceVersionDate "2016.10.25"]
[SourceQuality "1"]
[WhiteTeam "Binefar"]
[BlackTeam "Jaque"]
[WhiteTeamCountry "ESP"]
[BlackTeamCountry "ESP"]

1. e4 c5 2. Nf3 e6 3. c3 d5 4. exd5 exd5 5. d4 Nf6 6. Bg5 Qb6 7. Bxf6 Qxf6 8. dxc5 Qe6+ 9. Be2 Bxc5 10. 0-0 0-0 11. Nbd2 Nd7 12. Nb3 Bb6 13. Nbd4 Qe7 14. Re1 Nf6 15. Bc4 Qc5 16. Bb3 Bg4 17. h3 Bh5 18. Qd3 Bg6 19. Qb5 Rae8 20. Qxc5 Bxc5 21. Bc2 Be4 22. b4 Bxd4 23. Nxd4 Bxc2 24. Nxc2 Ne4 25. c4 dxc4 26. Ne3 Nd2 27. a4 Rd8 28. Rac1 Rfe8 29. Red1 Rd4 30. Rc2 Red8 31. Rdc1 Rc8 32. Rd1 c3 33. Nf1 Nf3+ 34. gxf3 Rxd1 35. Kg2 g6 36. b5 b6 37. f4 Rd4 38. Ne3 Kf8 39. Kf3 Rxa4 40. Nd5 Rac4 41. Ke3 R4c5 42. Nf6 Kg7 43. Ne4 Rxb5 44. Nd6 Rbc5 45. Nxc8 Rxc8 46. Kd3 b5 47. Ke2 b4 48. Kd3 b3 0-1

[Event "ESP-ch U12"]
[Site "Salobrena"]
[Date "2012.07.04"]
[Round "4.9"]
[White "Ballarin Corvinos, Jorge"]
[Black "Jimenez Vado, Yvan"]
[Result "0-1"]
[WhiteElo "1568"]
[BlackElo "1739"]
[PlyCount "78"]
[EventDate "2012.07.02"]
[EventType "swiss"]
[EventRounds "9"]
[EventCountry "ESP"]
[SourceTitle "EXT 2024"]
[Source "ChessBase"]
[SourceDate "2023.10.10"]
[SourceVersion "1"]
[SourceVersionDate "2023.10.10"]
[SourceQuality "1"]

1. e4 c5 2. Nc3 Nc6 3. g3 g6 4. Bg2 Bg7 5. d3 d6 6. f4 e6 7. Nf3 Nge7 8. 0-0 0-0 9. Qe1 Nd4 10. Nxd4 cxd4 11. Ne2 Bd7 12. g4 f5 13. exf5 exf5 14. gxf5 Nxf5 15. Bxb7 Rb8 16. Bd5+ Kh8 17. Bb3 Bc6 18. Ng3 Re8 19. Qd1 Ne3 20. Bxe3 dxe3 21. c3 Qb6 22. Qe2 a5 23. Rab1 a4 24. Bc2 Qa6 25. f5 Be5 26. f6 Rf8 27. Qxe3 Bxf6 28. Ne4 Bxe4 29. dxe4 Be5 30. b4 Qc4 31. Rfd1 Qe6 32. Rd2 Rbc8 33. Bxa4 Rxc3 34. Qe2 Rf4 35. Bd1 Qf6 36. Bc2 Rcf3 37. Rbd1 Bd4+ 38. Rxd4 Rf2 39. e5 Qg5+ 0-1